[Event "SWE-ch"]
[Site "Norrkoeping"]
[Date "1988.??.??"]
[Round "?"]
[White "Wiedenkeller, Michael"]
[Black "Bergstrom, Christer"]
[Result "0-1"]
[WhiteElo "2435"]
[BlackElo "2420"]

1.d4 Nf6 2.c4 e6 3.Nc3 Bb4 4.Nf3 b6 5.Bg5 Bb7 6.e3 h6 7.Bh4 g5 8.Bg3 Ne4
9.Nd2 Bxc3 10.bxc3 Nxg3 11.fxg3 Nc6 12.e4 Qe7 13.Bd3 d6 14.O-O O-O-O 15.Qh5 Rdf8
16.Rf2 f6 17.Raf1 Qg7 18.h3 Kb8 19.Nb3 Ne7 20.a4 f5 21.Qe2 fxe4 22.Bxe4 Rxf2
23.Rxf2 Bc8 24.a5 Rf8 25.Bf3 Qg6 26.Rf1 Bb7 27.axb6 axb6 28.c5 Bxf3 29.gxf3 Qf5
30.cxd6 cxd6 31.Kg2 h5 32.Qe4 Nd5 33.Re1 Rc8 34.Nd2 Rxc3 35.Qxe6 Qxe6 36.Rxe6 Rc2
37.Re2 b5 38.Kf2 b4 39.Ke1 Rc1+ 40.Kf2 Rc2 41.Ke1 Rc1+ 42.Kf2 Kc7 43.Re8 Rd1
44.Ke2 Nc3+ 45.Kd3 Nb1 46.Kc2 Rxd2+ 47.Kxb1 Kc6 48.Rg8 Kd5 49.Rxg5+ Kxd4
50.Rg8 Rf2 51.f4 Kc3 52.Rc8+ Kb3 53.Kc1 Rf3 54.Rg8 Kc3 55.Rc8+ Kb3 56.Rg8 h4
57.gxh4 Rxf4 58.h5 Rh4 59.Rh8 Rxh3 60.Kd2 Ka2 61.h6 b3 62.Rh7 Kb2 63.Rh8 Kb1
64.Rh7 b2 65.Rh8 d5 66.Rh7 d4 67.Rh8 Ra3 68.Rg8 Ka2 69.h7 b1=Q 70.h8=Q Rd3+
71.Ke2 Qc2+  0-1

[Event "Novi Sad op"]
[Site "Novi Sad"]
[Date "1988.??.??"]
[Round "7"]
[White "Avshalumov, Alex"]
[Black "Itkis, Boris"]
[Result "1-0"]
[WhiteElo "2410"]
[BlackElo "2295"]

1.d4 Nf6 2.c4 e6 3.Nc3 Bb4 4.Nf3 c5 5.e3 Nc6 6.Bd3 Bxc3+ 7.bxc3 d6 8.e4 e5
9.dxc5 dxc5 10.h3 O-O 11.O-O h6 12.Qe2 Be6 13.Rd1 Nh7 14.Nh2 Qh4 15.Nf1 Nf6
16.Qf3 Qh5 17.g4 Nxg4 18.Be2 f5 19.exf5 Rxf5 20.Qg3 Rf4 21.Bxf4  1-0

[Event "Nuremberg op"]
[Site "Nuremberg"]
[Date "1988.??.??"]
[Round "5"]
[White "Maksimovic, Suzana"]
[Black "Holzhaeuer, Mathias"]
[Result "1-0"]
[WhiteElo "2255"]
[BlackElo "2275"]

1.d4 Nf6 2.c4 e6 3.Nf3 Bb4+ 4.Nc3 c5 5.g3 Ne4 6.Qd3 cxd4 7.Nxd4 Qa5 8.Nb3 Qf5
9.Qe3 Nc6 10.Bg2 Nd6 11.c5 Nc4 12.Qd3 Qxd3 13.exd3 N4a5 14.Nxa5 Bxa5 15.Ke2 Nd4+
16.Kd1 d6 17.cxd6 Nf5 18.Bf4 Bd7 19.Rb1 Bb4 20.a3 Bxd6 21.Bxb7 Rb8 22.Bxd6 Rxb7
23.Bc5 Bc6 24.Re1 Kd7 25.b4 a6 26.Kd2 Rd8 27.Ke2 Ke8 28.Red1 e5 29.Rd2 f6
30.Nd1 Bb5 31.Nc3 Bc6 32.Rbd1 Nd4+ 33.Bxd4 Rxd4 34.Ke3 a5 35.Ne2 Rd8 36.Rc1 Bd7
37.bxa5 Rb5 38.Rc3 Rxa5 39.d4 Bg4 40.f3 Bd7 41.f4 Rd5 42.Rc7 Kf8 43.Ra7 Bg4
44.Ra4 Bxe2 45.Kxe2 exd4 46.Kd3 R5d7 47.Rb4 Kf7 48.a4 Kg6 49.a5 Ra7 50.Rb5 Rd6
51.Ra2 h5 52.Ra4 Rda6  1-0

[Event "Oakham YM"]
[Site "Oakham"]
[Date "1988.??.??"]
[Round "?"]
[White "Plaskett, Jim"]
[Black "Arnason, Jon L"]
[Result "1-0"]
[WhiteElo "2465"]
[BlackElo "2510"]

1.d4 Nf6 2.c4 e6 3.Nf3 Bb4+ 4.Nc3 b6 5.e3 Ne4 6.Qc2 Bb7 7.Bd3 f5 8.Nd2 Bxc3
9.bxc3 Nxd2 10.Bxd2 Qh4 11.O-O-O Bxg2 12.Rhg1 Bf3 13.Rde1 O-O 14.Rg3 Be4
15.Reg1 Rf7 16.Bxe4 Qxe4 17.Qd1 Nc6 18.Qe2 Ne7 19.f3 Qc6 20.e4 Qa4 21.Kb1 b5
22.h4 bxc4 23.Bh6 g6 24.h5 Rb8+ 25.Ka1 Qa5 26.Qd2 Rb3 27.f4 fxe4 28.hxg6 Nxg6
29.Qg2 Rf6 30.Qxe4 Kf7 31.Qc2 Rb8 32.Bg5 Rf5 33.Rh1 Rh8 34.Rgh3 Kg8 35.Qe2 Qd5
36.Qh5 Kf7 37.Qe2 Nf8 38.Rh6 Rg8 39.Rxh7+ Nxh7 40.Rxh7+ Kf8 41.Qh5 Qd6 42.Bh6+ Rg7
43.Bxg7+ Kg8 44.Qg6  1-0

[Event "Reykjavik op"]
[Site "Reykjavik"]
[Date "1988.??.??"]
[Round "?"]
[White "Hermansson, Tomas"]
[Black "Tisdall, Jonathan D"]
[Result "0-1"]
[WhiteElo "1975"]
[BlackElo "2425"]

1.d4 Nf6 2.c4 e6 3.Nc3 Bb4 4.Nf3 b6 5.g3 Ba6 6.Qb3 c5 7.Bg2 Nc6 8.a3 Na5
9.Qc2 Bxc3+ 10.Qxc3 Nxc4 11.b3 Nd6 12.dxc5 Nde4 13.Qb2 bxc5 14.O-O d5 15.Ng5 Nxg5
16.Bxg5 h6 17.Be3 Rc8 18.Rac1 d4 19.Rfd1 O-O 20.Rc2 Qe7 21.Bc1 e5 22.a4 Bb7
23.Bxb7 Qxb7 24.Bd2 Nd7 25.Rdc1 Qd5 26.Qa3 Rc6 27.a5 Rfc8 28.Qa4 e4 29.Qc4 Qf5
30.b4 Ne5 31.Qa2 e3 32.Be1 exf2+ 33.Bxf2 Ng4 34.Rf1 Rf6  0-1

[Event "Rome"]
[Site "Rome"]
[Date "1988.??.??"]
[Round "?"]
[White "Gulko, Boris F"]
[Black "Tatai, Stefano"]
[Result "1-0"]
[WhiteElo "2595"]
[BlackElo "2380"]

1.d4 Nf6 2.c4 e6 3.Nf3 Bb4+ 4.Nc3 c5 5.e3 O-O 6.Be2 d5 7.O-O dxc4 8.Bxc4 cxd4
9.exd4 Nbd7 10.Bg5 Bxc3 11.bxc3 Qc7 12.Qd3 b6 13.Bh4 Nh5 14.Ng5 Ndf6 15.Bg3 Qc6
16.Bb5 Qd5 17.Be5 Bb7 18.f3 h6 19.c4 Qd8 20.Nh3 Ne8 21.Rfd1 Nd6 22.Ba4 Rc8
23.Rac1 Ba6 24.Bb3 Nf6 25.Nf4 b5 26.c5 Nc4 27.Bxc4 bxc4 28.Qa3 Bb5 29.Qxa7 Nd5
30.Nxe6  1-0

[Event "Rome"]
[Site "Rome"]
[Date "1988.??.??"]
[Round "?"]
[White "Gulko, Boris F"]
[Black "Marjanovic, Slavoljub"]
[Result "1/2-1/2"]
[WhiteElo "2595"]
[BlackElo "2480"]

1.d4 Nf6 2.c4 e6 3.Nc3 Bb4 4.Nf3 c5 5.Bg5 h6 6.Bxf6 Bxc3+ 7.bxc3 Qxf6 8.e3 d6
9.Bd3 Nd7 10.O-O Qe7 11.Nd2 e5 12.a4 O-O 13.a5 Nf6 14.Qb1 Re8 15.Re1 e4 16.Bc2 Bf5
17.Ra2  1/2-1/2

[Event "Saint John op-1"]
[Site "Saint John"]
[Date "1988.??.??"]
[Round "?"]
[White "Nogueiras, Jesus"]
[Black "Groszpeter, Attila"]
[Result "1/2-1/2"]
[WhiteElo "2560"]
[BlackElo "2495"]

1.d4 Nf6 2.c4 e6 3.Nc3 Bb4 4.Nf3 c5 5.Bg5 Bxc3+ 6.bxc3 d6 7.Qc2 Nbd7 8.e3 e5
9.Be2 O-O 10.O-O Re8 11.dxe5 dxe5 12.Nd2 Qc7 13.Bf3 Rb8 14.Rfd1 b6 15.Qa4 h6
16.Bxf6 Nxf6 17.Ne4 Rf8 18.Nxf6+ gxf6 19.Bd5 Bf5 20.e4 Bg6 21.Rd3 f5 22.exf5 Bxf5
23.Re3 Kh7 24.Rae1 Rbe8 25.Qd1 Bg6 26.Qe2 f5 27.Rxe5 Rxe5 28.Qxe5 Qxe5 29.Rxe5 Re8
30.Rxe8 Bxe8 31.g3 Kg7 32.Kg2 Kf6 33.h3 Ke5 34.f4+ Kf6 35.g4 Ba4 36.Kg3 Bd1
37.Bf3 Bc2 38.Be2 Bb1 39.a3 Be4 40.Kh4 fxg4 41.hxg4 Bg6 42.Kg3 Be4 43.Kf2 Bb7
44.Bd3 Bc6 45.Kg3 Ba4 46.Kh4 Bd1 47.Kg3 Ba4 48.Be2 Be8 49.Kh3 Bg6 50.Kh4 Bf7
51.Bd3 Be8 52.Be4 Ba4 53.Bd5 Be8 54.Bg2 Bf7 55.Bf1 Bg6 56.Kg3 Be4 57.Kf2 Bb7
58.Bd3 Bc6 59.Kg3  1/2-1/2

[Event "Saint John op-1"]
[Site "Saint John"]
[Date "1988.??.??"]
[Round "?"]
[White "Nickoloff, Bryon"]
[Black "Vidarsson, Jon G"]
[Result "0-1"]
[WhiteElo "2390"]
[BlackElo "2305"]

1.d4 Nf6 2.c4 e6 3.Nc3 Bb4 4.Nf3 c5 5.g3 Qb6 6.Bg2 Nc6 7.O-O cxd4 8.Nb5 e5
9.e3 a6 10.Qa4 d3 11.a3 Be7 12.Nc3 O-O 13.Qd1 d6 14.Qxd3 Be6 15.Nd2 Rac8
16.b4 Rfd8 17.Bb2 Bf8 18.Rfc1 Ne7 19.e4 g6 20.Nd5 Bxd5 21.exd5 Nd7 22.Rc2 a5
23.c5 dxc5 24.Nc4 Qa6 25.bxc5 Bg7 26.Re1 Nf5 27.d6 Nd4 28.Rcc1 Rb8 29.f4 exf4
30.gxf4 Nf8 31.Re7 Rxd6 32.Nxd6 Qxd3 33.Bd5 Nfe6 34.Bxe6 Nxe6 35.Bxg7 Qe3+  0-1

[Event "Saint John op-1"]
[Site "Saint John"]
[Date "1988.??.??"]
[Round "?"]
[White "Nickoloff, Bryon"]
[Black "Torre, Eugenio"]
[Result "1/2-1/2"]
[WhiteElo "2390"]
[BlackElo "2545"]

1.d4 Nf6 2.c4 e6 3.Nc3 Bb4 4.Nf3 b6 5.Bd2 Bb7 6.g3 c5 7.a3 Bxc3 8.Bxc3 Ne4
9.Rc1 O-O 10.Bg2 d6 11.O-O Nxc3 12.Rxc3 Qe7 13.Qc2 Nc6 14.Rd1 Rfd8 15.d5 exd5
16.cxd5 Ne5 17.Nxe5 Qxe5 18.f4 Qe7 19.e4 f6 20.Rf3 Re8 21.Re1 Rad8 22.Qc3 Qc7
23.Qc4 Re7 24.Bh3 Bc8  1/2-1/2

[Event "Saint John op-1"]
[Site "Saint John"]
[Date "1988.??.??"]
[Round "?"]
[White "Nickoloff, Bryon"]
[Black "Dizdar, Goran"]
[Result "1/2-1/2"]
[WhiteElo "2390"]
[BlackElo "2490"]

1.d4 Nf6 2.c4 e6 3.Nc3 Bb4 4.Nf3 d5 5.cxd5 exd5 6.Bg5 h6 7.Bxf6 Qxf6 8.Qb3 Qb6
9.a3 Ba5 10.Qa4+ Bd7 11.Qc2 Bf5 12.Qa4+ Bd7 13.Qc2 Qd6 14.Qb3 O-O 15.e3 c5
16.dxc5 Qxc5 17.Rc1 Nc6 18.Qd1 Bg4 19.Be2 Bxf3 20.Bxf3 d4 21.b4 Nxb4 22.axb4 Bxb4
23.Qxd4 Rac8 24.Qxc5 Rxc5 25.Ke2 Bxc3 26.Bxb7 Rb8 27.Be4 Rb4 28.Kd3 Rb3 29.Ke2 Kf8
30.Rhd1 Ke7 31.Rc2 a5 32.Rd5 Rc7 33.Rd4 Rb2 34.Rdd2 Rxc2  1/2-1/2

[Event "Saint John op-1"]
[Site "Saint John"]
[Date "1988.??.??"]
[Round "?"]
[White "Karason, Askell O"]
[Black "Nickoloff, Bryon"]
[Result "0-1"]
[WhiteElo "2235"]
[BlackElo "2390"]

1.d4 Nf6 2.c4 e6 3.Nc3 Bb4 4.Nf3 c5 5.g3 O-O 6.Bg2 cxd4 7.Nxd4 d5 8.O-O dxc4
9.Qa4 Qb6 10.Nc2 Bxc3 11.bxc3 Bd7 12.Qxc4 Bc6 13.Be3 Qa5 14.Rab1 Bxg2 15.Kxg2 b6
16.Nb4 Nbd7 17.Rfd1 Qh5 18.f3 Rfc8 19.Qd4 Qe5 20.Rbc1 Qb5 21.Qd3 Qa4 22.Qb1 Ne5
23.Bd4 Qb5 24.Nd3 Qxb1 25.Rxb1 Nc4 26.e4 Ne8 27.Kf2 f6 28.Ke2 Kf7 29.Bf2 Rc7
30.a4 Rac8 31.Nb4 Ncd6 32.Be1 Ke7 33.Rd4 Nb7 34.f4 Ned6 35.f5 Rc4 36.Kf3 e5
37.Rxc4 Rxc4 38.Nd5+ Kd7 39.Rb4 Nc5 40.a5 bxa5 41.Rb8 a4 42.Rg8 Ne8 43.Rf8 Nxe4
44.Ne3 Ng5+ 45.Ke2 a3 46.h4 a2 47.Nc2 Ke7 48.Rxe8+ Kxe8 49.hxg5 Re4+ 50.Kd2 fxg5
51.Bf2 h5 52.Kd3 Rg4 53.c4 h4 54.gxh4 gxh4  0-1

[Event "Saint John op-2"]
[Site "Saint John"]
[Date "1988.??.??"]
[Round "?"]
[White "Inkiov, Ventzislav"]
[Black "Pacey, Kevin"]
[Result "1-0"]
[WhiteElo "2490"]
[BlackElo "2240"]

1.d4 Nf6 2.c4 e6 3.Nf3 Bb4+ 4.Nc3 c5 5.e3 O-O 6.Bd3 b6 7.O-O Bb7 8.Na4 Qe7
9.a3 Ba5 10.Rb1 Ne4 11.Ne1 Bxe1 12.Qxe1 f5 13.f3 Nf6 14.dxc5 bxc5 15.b4 cxb4
16.Qxb4 Qxb4 17.axb4 Nc6 18.Be2 Rfc8 19.Ba3 Ne5 20.Nc5 Rc7 21.Rfd1 Bc8 22.Bb2 Nf7
23.Nb3 Rb8 24.b5 Bb7 25.Bd4 Ra8 26.Ra1 d5 27.Bxf6 gxf6 28.c5 a6 29.b6 Re7
30.Na5 Nd8 31.Nxb7 Nxb7 32.c6 Nc5 33.Rac1 Nb3 34.b7 Rae8 35.c7  1-0

[Event "Saint John op-2"]
[Site "Saint John"]
[Date "1988.??.??"]
[Round "?"]
[White "Petursson, Margeir"]
[Black "Tolnai, Tibor"]
[Result "0-1"]
[WhiteElo "2540"]
[BlackElo "2465"]

1.Nf3 Nf6 2.c4 e6 3.Nc3 Bb4 4.d4 c5 5.g3 cxd4 6.Nxd4 O-O 7.Bg2 d5 8.O-O dxc4
9.Qa4 Na6 10.Rd1 Bd7 11.Qc2 Qc7 12.Ndb5 Bxb5 13.Nxb5 Qb6 14.Na3 Bxa3 15.bxa3 Rad8
16.Bg5 Qc5 17.Bxf6 gxf6 18.Qc3 Kg7 19.Bxb7 Nc7 20.Rdc1 Rd4 21.e3 Rd7 22.Bf3 Nd5
23.Qxc4 Qxa3 24.Rd1 Rfd8 25.Qg4+ Kh8 26.Kg2 Qb2 27.Bxd5 Rxd5 28.Rab1 Qxa2
29.Qb4 Kg7 30.Ra1 Qe2 31.Re1 Qd2 32.Qc4 R8d7 33.h4 Qd3 34.Qb4 h5 35.Rec1 Rb5
36.Qa4 Rb2 37.Qf4 Qd5+ 38.Kg1 Qe5 39.Qf3 Rdd2  0-1

[Event "Saint John op-2"]
[Site "Saint John"]
[Date "1988.??.??"]
[Round "?"]
[White "Toshkov, Tihomir"]
[Black "Gipslis, Aivars"]
[Result "1-0"]
[WhiteElo "2395"]
[BlackElo "2505"]

1.d4 Nf6 2.c4 e6 3.Nf3 Bb4+ 4.Nc3 c5 5.g3 O-O 6.Bg2 cxd4 7.Nxd4 d5 8.O-O dxc4
9.Qa4 Na6 10.Ndb5 Nd5 11.Rd1 Bd7 12.Qc2 Bxc3 13.Nxc3 Nab4 14.Qb1 Qc7 15.Rd4 Rac8
16.Bd2 b5 17.Rh4 f5 18.Qd1 Bc6 19.a4 Nxc3 20.Bxc3 Rfd8 21.Qc1 Bxg2 22.Bxb4 Ba8
23.axb5 Rd5 24.Bc3 Rxb5 25.Qe3 Qc6 26.f3 a6 27.Qg5 Rb7 28.Qh5 g6 29.Qg5 Rf8
30.Qe3 Qb6 31.Bd4 Qb5 32.Qxe6+ Rbf7 33.Qxg6+  1-0

[Event "Saint John op-1"]
[Site "Saint John"]
[Date "1988.??.??"]
[Round "?"]
[White "Gulko, Boris F"]
[Black "Ivanovic, Bozidar"]
[Result "1/2-1/2"]
[WhiteElo "2595"]
[BlackElo "2530"]

1.d4 Nf6 2.c4 e6 3.Nc3 Bb4 4.Nf3 c5 5.Bg5 h6 6.Bxf6 Qxf6 7.e3 d6 8.Bd3 e5
9.dxe5 dxe5 10.Qc2 Nc6 11.O-O Bxc3 12.Qxc3 Bf5 13.Bxf5 Qxf5 14.Rfd1 f6 15.Qb3 b6
16.Rd6 Ne7 17.Qb5+ Kf7 18.Rad1 Rhd8 19.h3 Rxd6 20.Rxd6 Qc8 21.Nd2 Qe8 22.Qb3 Rd8
23.Ne4 Kf8 24.Qd3 Rxd6 25.Qxd6 Qc6 26.Qb8+ Nc8 27.Nc3 Qd7 28.Nb5 Ke7 29.b3 Kd8
30.Qa8 Ke7 31.Kh2 Ke6 32.Kg3 Ke7 33.h4 Kd8 34.f3 Ke7 35.h5 Kd8 36.a4 Ke7
37.Qb8 Kd8 38.Qa8 Ke7 39.Qb8 Kd8 40.e4 a6 41.Nc3 Qd2 42.Nd5 Qg5+  1/2-1/2

[Event "Saint John op-1"]
[Site "Saint John"]
[Date "1988.??.??"]
[Round "?"]
[White "Gulko, Boris F"]
[Black "Rohde, Michael A"]
[Result "1/2-1/2"]
[WhiteElo "2595"]
[BlackElo "2555"]

1.d4 Nf6 2.c4 e6 3.Nc3 Bb4 4.Nf3 c5 5.Bg5 cxd4 6.Nxd4 Bxc3+ 7.bxc3 Qa5 8.Nb5 d5
9.Bxf6 gxf6 10.Qd4 Nd7 11.e4 O-O 12.cxd5 exd5 13.Bd3 Ne5 14.O-O Bd7 15.Rab1 a6
16.Nd6 Qc7 17.Nf5 Bxf5 18.exf5 Rac8  1/2-1/2

[Event "Sarajevo"]
[Site "Sarajevo"]
[Date "1988.??.??"]
[Round "?"]
[White "Cvitan, Ognjen"]
[Black "Romanishin, Oleg M"]
[Result "1/2-1/2"]
[WhiteElo "2520"]
[BlackElo "2570"]

1.d4 Nf6 2.c4 e6 3.Nc3 Bb4 4.Nf3 c5 5.g3 cxd4 6.Nxd4 O-O 7.Bg2 d5 8.Qb3 Bxc3+
9.bxc3 dxc4 10.Qa3 Qb6 11.O-O e5 12.Nc2 Bf5 13.Ne3 Bg6 14.Nxc4 Qc7 15.Nd6 Nc6
16.Bg5 Nd7 17.Rfd1 a6 18.Rd2 h6 19.Be3 Nf6 20.Rad1 Rfd8 21.h3 e4 22.c4 Ne8
23.c5 Nxd6 24.cxd6 Qd7 25.Bb6 Re8 26.Qa4 Re5 27.Rb2 f5 28.Be3 Bf7 29.Bf4 Ra5
30.Qc2 Rc8 31.Qb1 b5 32.h4 Ra4 33.Rc2 Rc4 34.Rxc4 bxc4 35.Bh3 Be6 36.Qb6 a5
37.Rc1 a4 38.Bf1 Nd8 39.Qb4 Nf7 40.h5 Qc6 41.Rc3 Kh7 42.Bh3  1/2-1/2

[Event "Sas van Gent"]
[Site "Sas van Gent"]
[Date "1988.??.??"]
[Round "6"]
[White "Van Wely, Loek"]
[Black "Cardon, Helmut"]
[Result "1/2-1/2"]
[WhiteElo "2325"]
[BlackElo "2360"]

1.d4 Nf6 2.c4 e6 3.Nc3 Bb4 4.Nf3 c5 5.g3 b6 6.Bg2 Bb7 7.O-O cxd4 8.Qxd4 O-O
9.Bf4 Qe7 10.a3 Bxc3 11.Qxc3 d5 12.Ne5 Rc8 13.Qb4 Qe8 14.Rfd1 Na6 15.Qe1 Nc5
16.Rac1 Nce4 17.Qb4 Qf8 18.b3 Nc5 19.h4 h6 20.e3 dxc4 21.Bxb7 Nxb7 22.Qxf8+ Kxf8
23.Nxc4 Nd5 24.Be5 f6 25.e4 Ne7 26.Bf4 Rd8 27.Nd6 Nxd6 28.Rxd6 e5 29.Rxd8+ Rxd8
30.Be3  1/2-1/2

[Event "Schoeneck op"]
[Site "Schoeneck"]
[Date "1988.??.??"]
[Round "6"]
[White "Schmitzer, Klaus"]
[Black "Brunner, Lucas"]
[Result "1-0"]
[WhiteElo "2345"]
[BlackElo "2425"]

1.d4 Nf6 2.c4 e6 3.Nc3 Bb4 4.Nf3 b6 5.Bg5 Bb7 6.e3 h6 7.Bh4 g5 8.Bg3 Ne4
9.Qc2 Bxc3+ 10.bxc3 Nxg3 11.fxg3 d6 12.Bd3 Nd7 13.O-O Qe7 14.Be4 Bxe4 15.Qxe4 O-O
16.Qc6 Rac8 17.e4 Nf6 18.Nd2 Qd7 19.Qb7 c5 20.Qa6 Ne8 21.d5 Ra8 22.Rae1 Nc7
23.Qa3 Kg7 24.Qb3 Rae8 25.Qd1 f5 26.dxe6 Rxe6 27.exf5 Rxe1 28.Qxe1 Ne8 29.h4 g4
30.Qd1 h5 31.Qe1 Nf6 32.Qe3 Qf7 33.Re1 Re8 34.Qg5+ Kf8 35.Qh6+ Qg7 36.Rxe8+ Nxe8
37.Qxh5 Qxc3 38.Qh6+ Ke7 39.Qe6+ Kd8 40.Ne4 Qe3+ 41.Kh2  1-0

[Event "Schoeneck op"]
[Site "Schoeneck"]
[Date "1988.??.??"]
[Round "8"]
[White "Schmitzer, Klaus"]
[Black "Horvath, Tamas"]
[Result "1/2-1/2"]
[WhiteElo "2345"]
[BlackElo "2410"]

1.d4 Nf6 2.c4 e6 3.Nc3 Bb4 4.Nf3 c5 5.g3 cxd4 6.Nxd4 Ne4 7.Qd3 Bxc3+ 8.bxc3 Nc5
9.Qe3 b6 10.Bg2 Bb7 11.Bxb7 Nxb7 12.Qf3 Nc6 13.Nxc6 dxc6 14.Bg5 Qc7 15.O-O O-O
16.Rad1 Rfe8 17.e4 f6 18.Be3 Rad8 19.Qg4 Qf7 20.e5 fxe5 21.Qe4 Nd6 22.Qxc6 Nf5
23.Rxd8 Rxd8 24.Bg5 Rf8 25.Qe4 Qg6 26.Bd2 Rd8 27.Qe2 h5 28.Bc1 Rc8 29.Rd1 Qg4
30.Qxg4 hxg4 31.Rd7 Rxc4 32.Bb2 a5 33.h3 gxh3 34.Kh2 g5 35.Kxh3 g4+ 36.Kg2 Re4
37.Kf1 Ra4 38.a3 Rc4 39.Rb7 Rc6 40.Ke2 Nd6 41.Re7 Ne4 42.c4 Kf8 43.Rb7 Nc5
44.Rh7 e4 45.Rh8+ Ke7 46.Be5 Nd3 47.Rh7+ Kf8 48.Bd4 e5 49.Be3 Nb2 50.Rh4 Nxc4
51.Bc1 Nd6 52.Bh6+ Kf7 53.Rxg4 Rc2+ 54.Ke1 Nf5 55.Bd2 Nd4 56.Kd1 Ra2 57.Rxe4 Ra1+
58.Bc1 Nb3 59.Kc2 Nxc1 60.Kb2 Ra2+ 61.Kxc1 Kf6 62.f4 Rxa3 63.Rxe5 Rxg3 64.Rb5 Rc3+
65.Kd2 Rc6 66.Kd3 Ke7 67.Kd4 Kd7 68.f5 Rh6 69.Kd5 Rc6 70.Kd4 Kc7 71.Rb1 Rc2
72.Rf1 Kd7 73.Rb1 Kc6 74.Rf1 Rd2+ 75.Kc3 Rd7 76.f6 Rf7 77.Kc4 b5+ 78.Kb3 Kc5
79.Rf5+ Kb6 80.Ka3  1/2-1/2

[Event "URS-FL56"]
[Site "Simferopol"]
[Date "1988.??.??"]
[Round "?"]
[White "Yurtaev, Leonid"]
[Black "Kovalev, Andrei"]
[Result "0-1"]
[WhiteElo "2485"]
[BlackElo "2440"]

1.Nf3 Nf6 2.c4 e6 3.d4 Bb4+ 4.Nc3 c5 5.e3 Nc6 6.Bd3 O-O 7.O-O d6 8.Qc2 Bxc3
9.bxc3 e5 10.Rb1 Qe7 11.dxe5 Nxe5 12.Nxe5 dxe5 13.Be4 Nxe4 14.Qxe4 Rb8 15.f4 b6
16.fxe5 Bb7 17.Qf4 Rbe8 18.Rd1 f6 19.Rb2 fxe5 20.Qg4 Qe6 21.Qxe6+ Rxe6 22.Rf2 Rxf2
23.Kxf2 Rf6+ 24.Kg1 Ba6 25.e4 Bxc4 26.Bg5 Rg6 27.Be3 Bb5 28.Rd8+ Kf7 29.Ra8 a5
30.Ra7+ Ke8 31.Ra8+ Kd7 32.Bf2 Bd3 33.Bg3 Bxe4 34.Ra7+ Kd6 35.Kf2 Bd5 36.a3 Rf6+
37.Ke3 Rf7 38.Rxf7 Bxf7 39.Bh4 b5 40.Bd8 a4 41.Kd2 Bd5 42.g3 b4 43.cxb4 cxb4
44.axb4 a3 45.Kc3 a2 46.Kb2 Kc6 47.Be7 Kb5 48.Bd6 e4 49.Bc5 g6 50.h4 h5 51.Ka1 Bb3
52.Kb2 Kc4  0-1

[Event "URS-FL56"]
[Site "Simferopol"]
[Date "1988.??.??"]
[Round "?"]
[White "Basin, Leonid"]
[Black "Giorgadze, Giorgi"]
[Result "0-1"]
[WhiteElo "2350"]
[BlackElo "2410"]

1.d4 Nf6 2.c4 e6 3.Nc3 Bb4 4.Nf3 d5 5.Bg5 dxc4 6.a3 Bxc3+ 7.bxc3 b5 8.a4 c6
9.Nd2 Nbd7 10.g3 h6 11.Bxf6 Nxf6 12.Bg2 Nd5 13.Qc1 O-O 14.O-O a5 15.e4 Nb6
16.Rd1 Qe7 17.Qc2 e5 18.Rdb1 Bd7 19.Bf1 Rfd8 20.Ra2 Be8 21.axb5 cxb5 22.d5 Ra7
23.Rba1 Rda8 24.Be2 Qc5 25.Nf1 Nc8 26.Ne3 Nd6 27.h4 f6 28.h5 Bd7 29.Kg2 Qc8
30.g4 Nb7 31.Rb1 Nc5 32.f3 Nb3 33.Bd1 Nc5 34.Be2 Rb7 35.Kg3 Qc7 36.Qd2 Nb3
37.Qe1 Rab8 38.Qf1 Qc5 39.Qf2 Qc7 40.Kg2 Nc5 41.Qf1 Ra8 42.Rba1 Rba7 43.Rb1 Nb7
44.Rab2 Nd6 45.Rc1 Rb7 46.Kg3 Qc5 47.Qf2 Rc8 48.Rbc2 Kf8 49.Bf1 Rbc7 50.Rb1 Rb8
51.Rbc1 Bc8 52.Rb2 b4 53.Nc2 b3 54.Qxc5 Rxc5 55.Na3 Ba6 56.Ra1 a4 57.Kf2 g6
58.hxg6 Kg7 59.Ke3 Kxg6 60.Be2 Rh8 61.Nb1 Bb5 62.Nd2 Ra8 63.Nb1 Bd7 64.Na3 Nb5
65.Kd2 Nxa3 66.Rxa3 Rh8 67.Rb1 h5 68.gxh5+ Rxh5  0-1

[Event "Rilton Cup"]
[Site "Stockholm"]
[Date "1988.??.??"]
[Round "?"]
[White "Hillarp Persson, Tiger"]
[Black "Bator, Robert"]
[Result "1-0"]
[WhiteElo "2200"]
[BlackElo "2370"]

1.d4 Nf6 2.c4 e6 3.Nc3 Bb4 4.Nf3 c5 5.g3 cxd4 6.Nxd4 O-O 7.Bg2 d5 8.O-O dxc4
9.Ndb5 Na6 10.Bf4 Qa5 11.Qd4 Bd7 12.Nd6 Bc5 13.Nxc4 Qd8 14.Qe5 Ng4 15.Qg5 Qxg5
16.Bxg5 Bc6 17.Bxc6 bxc6 18.Ne4 f6 19.Bd2 Bd4 20.e3 Ne5 21.Rac1 Nf3+ 22.Kg2 Nxd2
23.Nexd2 Bc5 24.Nb3 Be7 25.Nd4 Nb4 26.Nxe6 Rfc8 27.a3 Nd3 28.Rcd1 Ne5 29.Nxe5 fxe5
30.Rd7 Kf7 31.Nxg7 Kf6 32.Nh5+ Ke6 33.Rfd1 Rab8 34.b4 a5 35.Ng7+ Kf6 36.Nf5 Bf8
37.Nd6 axb4 38.axb4 Bxd6 39.R1xd6+ Kf5 40.f3 e4 41.g4+  1-0

[Event "Rilton Cup"]
[Site "Stockholm"]
[Date "1988.??.??"]
[Round "?"]
[White "Wiedenkeller, Michael"]
[Black "Larsson, Per"]
[Result "1-0"]
[WhiteElo "2415"]
[BlackElo "2320"]

1.d4 Nf6 2.c4 e6 3.Nc3 Bb4 4.Nf3 b6 5.Bg5 Bb7 6.e3 h6 7.Bh4 Bxc3+ 8.bxc3 d6
9.Nd2 Nbd7 10.f3 e5 11.e4 Nf8 12.c5 Ng6 13.Bxf6 Qxf6 14.Qa4+ Kf8 15.c6 Bc8
16.O-O-O Kg8 17.g3 Kh7 18.d5 Qd8 19.h4 Ne7 20.Bd3 Rf8 21.Rdf1 Kg8 22.f4 exf4
23.gxf4 f5 24.Re1 fxe4 25.Qxe4 Nf5 26.Nf3 Qf6 27.Kc2 Rb8 28.h5 b5 29.Rhg1 a5
30.Rg6 Qf7 31.a3 Rb6 32.Nd4 b4 33.axb4 axb4 34.Reg1 bxc3 35.Nxf5  1-0

[Event "SWZ-ch"]
[Site "?"]
[Date "1988.??.??"]
[Round "?"]
[White "Nemet, Ivan"]
[Black "Trepp, Markus"]
[Result "1-0"]
[WhiteElo "2425"]
[BlackElo "2385"]

1.d4 Nf6 2.Nf3 e6 3.c4 Bb4+ 4.Nc3 c5 5.e3 Nc6 6.Bd2 O-O 7.a3 Bxc3 8.Bxc3 Ne4
9.Rc1 Nxc3 10.Rxc3 cxd4 11.Nxd4 d5 12.cxd5 Qxd5 13.Nxc6 bxc6 14.Qc2 Bd7 15.Rc5 Qa2
16.Kd2 Rfb8 17.Kc3 Qa1 18.Qxh7+ Kf8 19.Qc2 e5 20.Rxe5 c5 21.Rxc5 Be6 22.g4 Rc8
23.Kd3 Rd8+ 24.Ke2 Rd1 25.h3 Re1+ 26.Kf3 Rxf1 27.Rh5 Rxh1 28.Rh8+ Ke7 29.Qc7+ Kf6
30.Qf4+ Ke7 31.Qb4+ Kf6 32.Qd4+ Ke7 33.Rxa8 Rd1 34.Rxa7+ Ke8 35.Qa4+ Bd7
36.Qe4+ Kd8 37.Ra8+ Bc8 38.Qc2 Qc1  1-0

[Event "Tbilisi"]
[Site "Tbilisi"]
[Date "1988.??.??"]
[Round "?"]
[White "Ubilava, Elizbar"]
[Black "Romanishin, Oleg M"]
[Result "1/2-1/2"]
[WhiteElo "2500"]
[BlackElo "2550"]

1.d4 Nf6 2.c4 e6 3.Nc3 Bb4 4.Nf3 b6 5.Bg5 Bb7 6.Qc2 Qe7 7.e3 h6 8.Bh4 Bxc3+
9.Qxc3 g5 10.Bg3 Ne4 11.Qc2 d6 12.Nd2 Nxd2 13.Qxd2 Nd7 14.f3 O-O-O 15.O-O-O  1/2-1/2

[Event "Tbilisi"]
[Site "Tbilisi"]
[Date "1988.??.??"]
[Round "?"]
[White "Ubilava, Elizbar"]
[Black "Zaichik, Gennadi"]
[Result "0-1"]
[WhiteElo "2500"]
[BlackElo "2510"]

1.d4 Nf6 2.c4 e6 3.Nc3 Bb4 4.Nf3 d5 5.Bg5 dxc4 6.e4 c5 7.e5 h6 8.exf6 hxg5
9.fxg7 Rg8 10.dxc5 Qxd1+ 11.Rxd1 Rxg7 12.Bxc4 Ke7 13.O-O Bxc3 14.bxc3 Nd7
15.c6 bxc6 16.Rfe1 Nb6 17.Bb3 c5 18.Re5 g4 19.Nd2 Nd7 20.Re3 Nb6 21.Re5 Nd7
22.Rh5 Bb7 23.Nc4 Be4 24.Re1 Bd3 25.Ne3 Rc8 26.c4 f6 27.Rd1 Be4 28.Nxg4 Bc6
29.Rh4 Rcg8 30.f3 f5 31.Ne3 Bxf3 32.Re1 Be4 33.g3 Ne5 34.Bd1 Rb8 35.Rh6 Rb2
36.Rh8 Rxa2 37.Rc8 Kf6 38.Rxc5 Nd3 39.Bb3 Rb2 40.Nd1 Rxb3  0-1

[Event "Thessaloniki ol (Men)"]
[Site "Thessaloniki"]
[Date "1988.??.??"]
[Round "1"]
[White "Hergott, Deen"]
[Black "Aw, O."]
[Result "1-0"]
[WhiteElo "2365"]
[BlackElo "2200"]

1.d4 Nf6 2.Nf3 e6 3.c4 Bb4+ 4.Nc3 c5 5.g3 O-O 6.Bg2 Ne4 7.Qd3 f5 8.O-O Bxc3
9.bxc3 Qa5 10.Nd2 Qxc3 11.Nxe4 Qxd3 12.exd3 fxe4 13.Ba3 d6 14.dxc5 dxc5 15.Bxc5 Rf5
16.d4 Nc6 17.Bxe4 Rf6 18.Rab1 Na5 19.Rfc1 Bd7 20.Bxb7 Nxb7 21.Rxb7 Bc6 22.Rc7 Be4
23.Bd6 Rf7 24.Rxf7 Kxf7 25.f3 Bd3 26.Rc3 Bb1 27.a3 Ba2 28.c5 Rc8 29.c6 Bd5
30.c7 Ke8 31.Be5 g6 32.Bf6 Kd7 33.Bd8 a6 34.Kf2 Kd6 35.Ke3 Bc6 36.Kf4 h6
37.h4 Bd7 38.Rc5 Bc6 39.Rxc6+ Kxc6 40.Ke5 Kd7 41.Kf6 g5 42.h5 Ra8 43.Kg6 Ra7
44.Kxh6 Rb7 45.Kg7 g4 46.fxg4 Rb3 47.h6 Rxg3 48.h7 Rxg4+ 49.Kf7 Rf4+ 50.Bf6  1-0

[Event "Thessaloniki ol (Men)"]
[Site "Thessaloniki"]
[Date "1988.??.??"]
[Round "4"]
[White "Pacheco, J."]
[Black "Garcia Gonzales, Guillermo"]
[Result "1/2-1/2"]
[WhiteElo "2200"]
[BlackElo "2525"]

1.d4 Nf6 2.c4 e6 3.Nc3 Bb4 4.Nf3 c5 5.g3 Ne4 6.Qd3 Qa5 7.Qxe4 Bxc3+ 8.Bd2 Bxd2+
9.Nxd2 cxd4 10.Qxd4 O-O 11.Bg2 Nc6 12.Qd6 Qe5 13.Qxe5 Nxe5 14.O-O Rb8 15.Rac1 b6
16.Ne4 Bb7 17.Nd6 Bxg2 18.Kxg2 f5 19.f4 Nf7 20.Rfd1 Nxd6 21.Rxd6 Rb7  1/2-1/2

[Event "Thessaloniki ol (Men)"]
[Site "Thessaloniki"]
[Date "1988.??.??"]
[Round "5"]
[White "Yrjola, Jouni"]
[Black "Wong Foong Yin"]
[Result "1-0"]
[WhiteElo "2455"]
[BlackElo "2250"]

1.d4 Nf6 2.c4 e6 3.Nc3 Bb4 4.Nf3 c5 5.g3 O-O 6.Bg2 d5 7.cxd5 Nxd5 8.Bd2 Nxc3
9.bxc3 Ba5 10.O-O Nc6 11.Rb1 Qe7 12.Qa4 Rd8 13.Rfd1 cxd4 14.Nxd4 Nxd4 15.Qxa5 Nc6
16.Bxc6 bxc6 17.Bg5 Rxd1+ 18.Rxd1 f6 19.Be3 Bd7 20.Qc7 Rd8 21.Bxa7 Kf7 22.Bb6 Ke8
23.Qxd8+ Qxd8 24.Bxd8 Kxd8 25.a4  1-0